01475nam a2200385 i 450000100060000000300090000600500170001500800390003201500170007102000150008802000150010302000150011802000150013303500210014804000280016904600090019708000110020608000130021708000090023011100360023924503050027524600360058026000950061630000280071138000160073938000230075538800090077850400240078765000240081165500290083565800280086470000410089271000580093385600980099142748KOSZ 00520210407105525.0030312s2002 pl a f |100 0 eng aPB 2003/9036 a8388906089 a8388906046 a1901537374 a1901537358 a(OCoLC)830410802 aWA NcWA NdKOSZ 005/HR k2002 a620.17 a539.3/.4 a(06)2 aECFn(14 ;d2002, ;cKraków).10aECF 14 Fracture Mechanics Beyond 2000 :bproceedings of the 14th Bienniel Conference on Fracture - ECF 14 - held in Cracow, Poland, 18[!]-13 September, 2002 under auspices of the European Structural Integrity Society and American Society for Testing and Materials.nVol. 2 /ced. A. Neimitz [et al.].18aFracture Mechanics Beyond 2000. aKielce :b[Wydaw. Politechniki Świętokrzyskiej] ;aSheffield :bEMAS Pub.,ccop. 2002. a730 s. :bil. ;c24 cm. aKsiążki aPublikacje naukowe a2002 aBibliogr. przy ref. 4aMechanika pękania 4aMateriały konferencyjne aInżynieria i technika1 aNeimitz, Andrzejd(1947- )eRedakcja2 aWydawnictwo Politechniki Świętokrzyskiejb 4pbl. uhttp://koha.tu.koszalin.pl/cgi-bin/koha/opac-detail.pl?biblionumber=42748yKatalog online BPK